LEADER 01290nam 2200337 n 450 001 996395786103316 005 20221108073703.0 035 $a(CKB)3810000000013015 035 $a(EEBO)2240899713 035 $a(UnM)9958992200971 035 $a(EXLCZ)993810000000013015 100 $a19811118d1682 uy 101 0 $aeng 135 $aurbn#|||a|bb| 200 12$aA memorial for magistrates$b[electronic resource] $eA sermon preached at Christ-Church in the city of Bristoll. on the twelfth day of October, at the assizes or goal-delivery. /$fBy John Chetwynd, master of arts, one of the prebends of the Cathedral, and vicar of Temple in the city of Bristoll 210 $aLondon, $cPrinted for Thomas Parkhurst, at the Bible and Three Crowns in the lower end of Cheap-side, near Mercers Chappel$d1682 215 $a[4], 32 p 300 $aReproduction of original in the British Library. 330 $aeebo-0018 606 $aSermons, English$y17th century 615 0$aSermons, English 700 $aChetwynd$b John$f1623-1692.$01002225 801 0$bCu-RivES 801 1$bCu-RivES 801 2$bCStRLIN 801 2$bCu-RivES 801 2$bCu-RivES 906 $aBOOK 912 $a996395786103316 996 $aA memorial for magistrates$92369606 997 $aUNISA